| 000 | 00964nam a2200313 i 4500 | ||
|---|---|---|---|
| 001 | 7805 | ||
| 003 | KOSZ 005 | ||
| 005 | 20250724063751.0 | ||
| 008 | 070620s1968 pl a f 001 0 pol | ||
| 015 | _aPB 1969/1803 | ||
| 040 |
_aWA N _cWA N _dKOSZ 005/RW _dKOSZ 005/HR |
||
| 046 | _k1968 | ||
| 080 | _a669.017 | ||
| 080 | _a620.1 | ||
| 080 | _a539.4 | ||
| 100 | 1 |
_aSolski, Paweł. _eAutor |
|
| 245 | 1 | 0 |
_aZużycie cierne metali / _cPaweł Solski. |
| 260 |
_aWarszawa : _bWydawnictwa Naukowo-Techniczne, _c1968. |
||
| 300 |
_a225, [3] s. : _bil. ; _c23 cm. |
||
| 380 | _aKsiążki. | ||
| 388 | _a1901-2000 | ||
| 504 | _aBibliogr. s. 219-[222]. Indeks. | ||
| 658 | _aInżynieria i technika | ||
| 650 | 4 | _aMetale | |
| 650 | 4 | _aTarcie (fizyka) | |
| 710 | 2 |
_aWydawnictwa Naukowo-Techniczne _4pbl. |
|
| 856 |
_uhttp://koha.tu.koszalin.pl/cgi-bin/koha/opac-detail.pl?biblionumber=7805 _yKatalog online BPK |
||
| 942 |
_2UKD _cKS |
||
| 999 |
_c7805 _d7805 |
||